Soccer Siblings - Statistics

General Stats
  • This quiz has been taken 1,694 times
    419 since last reset
  • The average score is 17 of 25
Answer Stats
Last Name Club(s) Answer % Correct
Hazard Lille, Chelsea, Real Madrid Eden
97%
Neville Manchester United Gary
96%
Charlton Manchester United Bobby
94%
Touré Beveren, Barcelona, Manchester City Yaya
94%
Neville Manchester United, Everton Phil
89%
Boateng Hamburger SV, Bayern Munich Jérôme
85%
Touré Arsenal, Manchester City Kolo
85%
Hernandez AC Milan Théo
84%
Cannavaro Napoli, Parma, Inter, Juventus, Real Madrid Fabio
81%
Boateng Hertha Berlin, AC Milan, FC Schalke 04 Kevin-Prince
80%
de Boer Ajax, Barcelona Frank
78%
Hazard Zulte Waregem, Borussia Monchengladbach, Borussia Dortmund Thorgan
77%
Hernandez Atlético Madrid, Bayern Munich Lucas
76%
Laudrup Lazio, Juventus, Barcelona, Real Madrid Michael
73%
Ayew Marseille, Aston Villa, Swansea City, Crystal Palace Jordan
70%
Baresi AC Milan Franco
68%
Inzaghi Juventus, AC Milan Filippo
66%
Inzaghi Lazio Simone
62%
Ayew Marseille, Swansea City André
56%
Laudrup Bayern Munich, Rangers Brian
46%
de Boer Ajax, Rangers, Al-Shamal Ronald
37%
Charlton Leeds United Jack
35%
Cannavaro Parma, Napoli, Sassuolo Paolo
32%
Hazard Cercle Brugge Kylian
17%
Baresi Inter, Modena Giuseppe
11%
No matching quizzes found
Score Distribution
Percent of People with Each Score
Percentile by Number Answered
Your Score History
You have not taken this quiz since the last reset